Statistics for Search engines before Google

Click here to take the quiz!

General Stats

  • This quiz has been taken 19 times
  • The average score is 4 of 12

Answer Stats

HintAnswer% Correct
1993 Ya...Yahoo
94%
1996 Ask J..Ask Jeeves
61%
1995 Alt...Altavista
50%
1994 Ly...Lycos
50%
1995 Ex...Excite
33%
1997 Yan...Yandex
33%
1994 Web...Webcrawler
28%
1996 Dog...Dogpile
22%
1996 Hot...Hotbot
22%
1990 Ar...Archie
11%
1993 In...Infoseek
6%
1994 Look...LookSmart
6%

Score Distribution

Percentile by Number Answered

Percent of People with Each Score

Your Score History

You have not taken this quiz